Gaming Quiz

Random Gaming or Quote Quiz

Starcraft Units by Quote Quiz Stats

 Plays Quiz Updated Dec 17, 2019

     
Support Sporcle.
Go Orange.
Score 0/20 Timer 04:00
1 Play Today
Quote Unit % Correct
'My life for Aiur'Zealot
82.9%
'Fire it up'Firebat
77%
'Ready to roll out!'Siege Tank
73.7%
'Jacked up and good to go!'Marine
70.3%
'Power overwhelming'Archon
66.7%
'Somebody call for an exterminator?'Ghost
64.7%
'I have returned'Dragoon
59.1%
'Can I take your order?'Dropship
52.6%
'Reportin' for duty'SCV
52.5%
'All right, bring it on!'Vulture
51.1%
Quote Unit % Correct
'Prepped and ready!'Medic
47.1%
'I live for the swarm'Infested Terran
45.5%
'Warp field stabilized'Arbiter
42.5%
'We are as one'Dark Archon
40.9%
'I heed thy call'High Templar
40.7%
'Teleport successful'Scout
40.7%
'Acknowledged, HQ'Goliath
40.2%
'It is a good day to die!'Corsair
32.3%
'I'm waiting'Dark Templar
26.1%
'I am eager to help'Valkyrie
20.9%

From the Vault

How Close Can You Get To...? X

by gazzso

We're heading to Vegas. Can you provide some directions?
Remove Ads.
Support Sporcle.
Get the best of Sporcle when you Go Orange. This ad-free experience offers more features, more stats, and more fun while also helping to support Sporcle. Thank you for becoming a member.

Show Comments

Extras

Top Quizzes Today


Score Distribution

Your Account Isn't Verified!

In order to create a playlist on Sporcle, you need to verify the email address you used during registration. Go to your Sporcle Settings to finish the process.

Report this User

Report this user for behavior that violates our Community Guidelines.

Details: